[Event "HUN-ch Rapid 2019"]
[Site "Ajka"]
[Date "2019.07.21"]
[Round "10.2"]
[White "Hera, Imre Jr."]
[Black "Gledura, Benjamin"]
[Result "1/2-1/2"]
[WhiteElo "2610"]
[BlackElo "2654"]
[Annotator "ChessBase"]
[PlyCount "84"]
[EventDate "2019.07.18"]
[EventType "swiss"]
[EventCountry "HUN"]
[SourceTitle "playchess.com"]
[Source "ChessBase"]
[SourceQuality "1"]
[TimeControl "1200+5"]

1. g3 {[%emt 0:00:17]} d5 {[%emt 0:00:53]} 2. Bg2 {[%emt 0:00:02]} c6 {[%emt 0:00:11]} 3. d3 {[%emt 0:00:10]} g6 {[%emt 0:00:10]} 4. Nd2 {[%emt 0:00:02]} Bg7 {[%emt 0:00:02]} 5. e4 {[%emt 0:00:02]} e5 {[%emt 0:00:21]} 6. Ngf3 {[%emt 0:00:06]} Ne7 {[%emt 0:00:04]} 7. O-O {[%emt 0:00:03]} O-O {[%emt 0:00:02]} 8. b4 {[%emt 0:00:02]} a5 {[%emt 0:01:33]} 9. bxa5 {[%emt 0:00:03]} Rxa5 {[%emt 0:00:37]} 10. Bb2 {[%emt 0:00:08]} Qc7 {[%emt 0:01:05]} 11. a4 {[%emt 0:00:35]} h6 {[%emt 0:01:04]} 12. Re1 {[%emt 0:01:32]} dxe4 {[%emt 0:01:50]} 13. Nxe4 {[%emt 0:00:36]} Bf5 {[%emt 0:01:54]} 14. Nfd2 {[%emt 0:01:37]} Be6 {[%emt 0:00:47]} 15. Nb3 {[%emt 0:01:37]} Bxb3 {[%emt 0:00:28]} 16. cxb3 {[%emt 0:00:01]} Nf5 {[%emt 0:00:03]} 17. b4 {[%emt 0:00:15]} Rd5 {[%emt 0:00:16]} 18. h4 {[%emt 0:01:37]} Nd4 {[%emt 0:00:09]} 19. h5 {[%emt 0:00:10]} g5 {[%emt 0:00:06]} 20. g4 {[%emt 0:00:47]} Rfd8 {[%emt 0:01:34]} 21. Ng3 {[%emt 0:00:47]} R5d7 {[%emt 0:00:04]} 22. Be4 {[%emt 0:00:07]} Na6 {[%emt 0:00:08]} 23. Bc3 {[%emt 0:00:14]} Bf8 {[%emt 0:02:31]} 24. Rb1 {[%emt 0:00:04]} c5 {[%emt 0:00:03]} 25. Bxd4 {[%emt 0:00:37]} Rxd4 {[%emt 0:00:53]} 26. Qf3 {[%emt 0:00:05]} Qd7 {[%emt 0:00:03]} 27. b5 {[%emt 0:03:26]} Nb4 {[%emt 0:01:17]} 28. Nf5 {[%emt 0:00:02]} Nxd3 {[%emt 0:00:14]} 29. Nxd4 {[%emt 0:02:56]} Nxe1 {[%emt 0:00:02]} 30. Qf5 {[%emt 0:00:01]} Qxf5 {[%emt 0:00:02]} 31. Nxf5 {[%emt 0:00:01]} Nd3 {[%emt 0:00:01]} 32. Bxb7 {[%emt 0:00:56]} c4 {[%emt 0:00:01]} 33. Ne3 {[%emt 0:00:22]} c3 {[%emt 0:01:56]} 34. Be4 {[%emt 0:00:08]} Bc5 {[%emt 0:00:20]} 35. Rd1 {[%emt 0:01:56]} Bxe3 {[%emt 0:00:20]} 36. Rxd3 {[%emt 0:00:10]} Bd4 {[%emt 0:00:08]} 37. Rf3 {[%emt 0:00:41]} Rc8 {[%emt 0:00:01]} 38. Bc2 {[%emt 0:00:02]} Rc4 {[%emt 0:00:01]} 39. Kf1 {[%emt 0:00:04]} Rb4 {[%emt 0:00:31]} 40. Ke2 {[%emt 0:00:02]} Kg7 {[%emt 0:00:11]} 41. Kd3 {[%emt 0:00:16]} f6 {[%emt 0:00:15]} 42. Rh3 {[%emt 0:00:12]} Bxf2 {[%emt 0:00:25] Ke4} 1/2-1/2

[Event "HUN-ch Rapid 2019"]
[Site "Ajka"]
[Date "2019.07.21"]
[Round "10.3"]
[White "Ruck, Robert"]
[Black "Papp, Gabor"]
[Result "1/2-1/2"]
[WhiteElo "2524"]
[BlackElo "2587"]
[Annotator "ChessBase"]
[PlyCount "36"]
[EventDate "2019.07.18"]
[EventType "swiss"]
[EventCountry "HUN"]
[SourceTitle "playchess.com"]
[Source "ChessBase"]
[SourceQuality "1"]
[TimeControl "1200+5"]

1. Nf3 {[%emt 0:01:26]} c5 {[%emt 0:00:03]} 2. g3 {[%emt 0:00:05]} Nc6 {[%emt 0:00:06]} 3. Bg2 {[%emt 0:00:02]} g6 {[%emt 0:00:03]} 4. c3 {[%emt 0:00:01]} Bg7 {[%emt 0:00:27]} 5. d4 {[%emt 0:00:03]} cxd4 {[%emt 0:00:02]} 6. cxd4 {[%emt 0:00:02]} d5 {[%emt 0:00:23]} 7. Nc3 {[%emt 0:00:06]} e6 {[%emt 0:00:56]} 8. O-O {[%emt 0:00:06]} Nge7 {[%emt 0:00:00]} 9. b3 {[%emt 0:00:12]} O-O {[%emt 0:00:06]} 10. e3 {[%emt 0:00:01]} b6 {[%emt 0:00:07]} 11. Ba3 {[%emt 0:00:03]} Ba6 {[%emt 0:00:05]} 12. Re1 {[%emt 0:00:03]} Rc8 {[%emt 0:00:14]} 13. Qd2 {[%emt 0:00:03]} Re8 {[%emt 0:00:04]} 14. Bf1 {[%emt 0:00:34]} Bxf1 {[%emt 0:00:06]} 15. Rxf1 {[%emt 0:00:01]} Nf5 {[%emt 0:00:14]} 16. Rac1 {[%emt 0:00:05]} Bf8 {[%emt 0:00:41]} 17. Bxf8 {[%emt 0:00:23]} Rxf8 {[%emt 0:00:02]} 18. Ne1 {[%emt 0:00:27]} Nd6 {[%emt 0:00:20]} 1/2-1/2

[Event "HUN-ch Rapid 2019"]
[Site "Ajka"]
[Date "2019.07.21"]
[Round "10.4"]
[White "Horvath, Peter"]
[Black "Balog, Imre"]
[Result "1-0"]
[WhiteElo "2418"]
[BlackElo "2566"]
[Annotator "ChessBase"]
[PlyCount "75"]
[EventDate "2019.07.18"]
[EventType "swiss"]
[EventCountry "HUN"]
[SourceTitle "playchess.com"]
[Source "ChessBase"]
[SourceQuality "1"]
[TimeControl "1200+5"]

1. d4 {[%emt 0:00:03]} Nf6 {[%emt 0:00:02]} 2. Nf3 {[%emt 0:00:04]} g6 {[%emt 0:00:07]} 3. c4 {[%emt 0:00:04]} c5 {[%emt 0:00:07]} 4. d5 {[%emt 0:00:09]} b5 {[%emt 0:00:01]} 5. cxb5 {[%emt 0:00:27]} a6 {[%emt 0:00:03]} 6. bxa6 {[%emt 0:00:01]} Bg7 {[%emt 0:00:02]} 7. Nc3 {[%emt 0:00:07]} O-O {[%emt 0:00:05]} 8. e4 {[%emt 0:00:53]} Qa5 {[%emt 0:00:07]} 9. Bd2 {[%emt 0:01:03]} Bxa6 {[%emt 0:00:05]} 10. Rb1 {[%emt 0:02:01]} Bxf1 {[%emt 0:01:59]} 11. Kxf1 {[%emt 0:00:02]} e6 {[%emt 0:00:04]} 12. g3 {[%emt 0:01:41]} Qb4 {[%emt 0:02:23]} 13. Qe2 {[%emt 0:01:58]} Qb7 {[%emt 0:00:57]} 14. Bg5 {[%emt 0:02:27]} Nxd5 {[%emt 0:00:49]} 15. Kg2 {[%emt 0:04:44]} Nxc3 {[%emt 0:01:02]} 16. bxc3 {[%emt 0:00:02]} Qa7 {[%emt 0:01:04]} 17. e5 {[%emt 0:01:16]} Nc6 {[%emt 0:00:23]} 18. Rb2 {[%emt 0:00:14]} Qc7 {[%emt 0:03:48]} 19. Re1 {[%emt 0:00:50]} Ra3 {[%emt 0:00:16]} 20. Rc2 {[%emt 0:00:19]} Rfa8 {[%emt 0:00:18]} 21. h4 {[%emt 0:00:05]} Qb7 {[%emt 0:00:52]} 22. Bf6 {[%emt 0:00:38]} d5 {[%emt 0:01:51]} 23. Bxg7 {[%emt 0:00:17]} Kxg7 {[%emt 0:00:01]} 24. h5 {[%emt 0:00:01]} d4 {[%emt 0:00:10]} 25. Qe4 {[%emt 0:00:03]} Rxc3 {[%emt 0:00:50]} 26. h6+ {[%emt 0:01:34]} Kg8 {[%emt 0:00:43]} 27. Rxc3 {[%emt 0:00:31]} dxc3 {[%emt 0:00:01]} 28. Rc1 {[%emt 0:00:05]} Rxa2 {[%emt 0:03:16]} 29. Rxc3 {[%emt 0:00:17]} Ra5 {[%emt 0:00:09]} 30. Rd3 {[%emt 0:00:05]} Ra8 {[%emt 0:00:15]} 31. Rd6 {[%emt 0:00:11]} Rc8 {[%emt 0:00:14]} 32. Ng5 {[%emt 0:00:14]} c4 {[%emt 0:00:17]} 33. Kh2 {[%emt 0:00:02]} c3 {[%emt 0:00:04]} 34. Qf3 {[%emt 0:00:09]} f5 {[%emt 0:00:15]} 35. exf6 {[%emt 0:00:04]} c2 {[%emt 0:00:03]} 36. f7+ {[%emt 0:00:02]} Kf8 {[%emt 0:00:01]} 37. Qf6 {[%emt 0:00:07]} Nd4 {[%emt 0:00:09]} 38. Nxh7# 1-0

[Event "HUN-ch Rapid 2019"]
[Site "Ajka"]
[Date "2019.07.21"]
[Round "10.5"]
[White "Karacsonyi, Gellert"]
[Black "Prohaszka, Peter"]
[Result "1-0"]
[WhiteElo "2315"]
[BlackElo "2598"]
[Annotator "ChessBase"]
[PlyCount "83"]
[EventDate "2019.07.18"]
[EventType "swiss"]
[EventCountry "HUN"]
[SourceTitle "playchess.com"]
[Source "ChessBase"]
[SourceQuality "1"]
[TimeControl "1200+5"]

1. e4 {[%emt 0:00:02]} c6 {[%emt 0:00:01]} 2. Nc3 {[%emt 0:00:01]} d5 {[%emt 0:00:01]} 3. Nf3 {[%emt 0:00:02]} Bg4 {[%emt 0:00:01]} 4. h3 {[%emt 0:00:02]} Bxf3 {[%emt 0:00:01]} 5. Qxf3 {[%emt 0:00:01]} e6 {[%emt 0:00:01]} 6. Be2 {[%emt 0:00:01]} Nd7 {[%emt 0:00:03]} 7. O-O {[%emt 0:00:25]} g6 {[%emt 0:02:31]} 8. Re1 {[%emt 0:00:17]} d4 {[%emt 0:00:56]} 9. Nd1 {[%emt 0:00:13]} Bg7 {[%emt 0:00:03]} 10. d3 {[%emt 0:00:48]} Ne7 {[%emt 0:00:03]} 11. Qg3 {[%emt 0:00:16]} O-O {[%emt 0:00:35]} 12. f4 {[%emt 0:00:21]} f5 {[%emt 0:01:24]} 13. Nf2 {[%emt 0:00:46]} a5 {[%emt 0:00:27]} 14. Bd2 {[%emt 0:00:18]} a4 {[%emt 0:00:23]} 15. a3 {[%emt 0:00:06]} c5 {[%emt 0:00:26]} 16. Bf3 {[%emt 0:00:05]} Qc7 {[%emt 0:00:41]} 17. Qh2 {[%emt 0:00:23]} Rae8 {[%emt 0:01:22]} 18. Re2 {[%emt 0:00:26]} Nc8 {[%emt 0:00:13]} 19. Rae1 {[%emt 0:00:23]} Nd6 {[%emt 0:00:02]} 20. h4 {[%emt 0:00:55]} h5 {[%emt 0:00:54]} 21. Qg3 {[%emt 0:00:23]} Kh7 {[%emt 0:00:33]} 22. Nh3 {[%emt 0:05:05]} Bh6 {[%emt 0:00:01]} 23. c3 {[%emt 0:00:06]} c4 {[%emt 0:02:38]} 24. dxc4 {[%emt 0:00:07]} d3 {[%emt 0:01:07]} 25. Re3 {[%emt 0:00:41]} Nxc4 {[%emt 0:00:03]} 26. exf5 {[%emt 0:00:21]} Rxf5 {[%emt 0:00:17]} 27. Rxd3 {[%emt 0:02:05]} Nc5 {[%emt 0:00:38]} 28. Be4 {[%emt 0:00:55]} Nxd3 {[%emt 0:04:34]} 29. Bxf5 {[%emt 0:00:01]} gxf5 {[%emt 0:00:02]} 30. Qxd3 {[%emt 0:00:01]} Qc6 {[%emt 0:00:55]} 31. Qe2 {[%emt 0:00:21]} Rg8 {[%emt 0:00:17]} 32. Ng5+ {[%emt 0:00:28]} Bxg5 {[%emt 0:00:02]} 33. hxg5 {[%emt 0:00:10]} Kg6 {[%emt 0:00:46]} 34. Qxe6+ {[%emt 0:00:06]} Qxe6 {[%emt 0:00:01]} 35. Rxe6+ {[%emt 0:00:01]} Kf7 {[%emt 0:00:01]} 36. Rf6+ {[%emt 0:00:25]} Ke7 {[%emt 0:00:11]} 37. Be1 {[%emt 0:00:03]} Nxb2 {[%emt 0:00:38]} 38. Rxf5 {[%emt 0:00:16]} Nc4 {[%emt 0:00:01]} 39. Bf2 {[%emt 0:00:02]} b6 {[%emt 0:00:00]} 40. Rb5 {[%emt 0:00:24]} Rb8 {[%emt 0:00:07]} 41. f5 {[%emt 0:00:23]} Nxa3 {[%emt 0:00:01]} 42. Bc5+ {[%emt 0:00:04]} 1-0

[Event "HUN-ch Rapid 2019"]
[Site "Ajka"]
[Date "2019.07.21"]
[Round "10.6"]
[White "Popovics, Adam"]
[Black "Czebe, Attila"]
[Result "0-1"]
[WhiteElo "2365"]
[BlackElo "2436"]
[Annotator "NA"]
[PlyCount "46"]
[EventDate "2019.07.18"]
[EventType "swiss"]
[EventCountry "HUN"]
[SourceTitle "playchess.com"]
[Source "ChessBase"]
[SourceQuality "1"]
[TimeControl "1200+5"]

1. e4 {[%emt 0:00:02]} c5 {[%emt 0:00:12]} 2. Nf3 {[%emt 0:00:04]} b6 {[%emt 0:00:14]} 3. d4 {[%emt 0:00:19]} cxd4 {[%emt 0:00:02]} 4. Nxd4 {[%emt 0:00:02]} Bb7 {[%emt 0:00:00]} 5. Bd3 {[%emt 0:00:31]} g6 {[%emt 0:00:02]} 6. O-O {[%emt 0:00:55]} Bg7 {[%emt 0:00:02]} 7. Be3 {[%emt 0:00:34]} Nc6 {[%emt 0:00:06]} 8. Nxc6 {[%emt 0:00:43]} Bxc6 {[%emt 0:00:19]} 9. Nc3 {[%emt 0:00:10]} d6 {[%emt 0:01:09]} 10. Qd2 {[%emt 0:00:37]} Nf6 {[%emt 0:00:03]} 11. Bh6 {[%emt 0:00:55]} O-O {[%emt 0:00:05]} 12. Rae1 {[%emt 0:00:06]} Qd7 {[%emt 0:00:39]} 13. Bxg7 {[%emt 0:02:44]} Kxg7 {[%emt 0:00:02]} 14. f4 {[%emt 0:00:01]} b5 {[%emt 0:00:59]} 15. Kh1 {[%emt 0:02:02]} b4 {[%emt 0:00:16]} 16. Nd1 {[%emt 0:00:13]} a5 {[%emt 0:00:17]} 17. f5 {[%emt 0:01:28]} e5 {[%emt 0:00:31]} 18. fxe6 {[%emt 0:02:35]} fxe6 {[%emt 0:00:11]} 19. Ne3 {[%emt 0:01:33]} e5 {[%emt 0:00:08]} 20. c4 {[%emt 0:00:37]} Qa7 {[%emt 0:00:29]} 21. Nd5 {[%emt 0:00:50]} Bxd5 {[%emt 0:00:33]} 22. exd5 {[%emt 0:00:02]} Ng4 {[%emt 0:00:27]} 23. g3 {[%emt 0:01:25]} Qd4 {[%emt 0:00:01]} 0-1

[Event "HUN-ch Rapid 2019"]
[Site "Ajka"]
[Date "2019.07.21"]
[Round "10.7"]
[White "Emodi, Barnabas"]
[Black "Vertetics, Attila"]
[Result "1/2-1/2"]
[WhiteElo "2365"]
[BlackElo "2438"]
[Annotator "NA"]
[PlyCount "49"]
[EventDate "2019.07.18"]
[EventType "swiss"]
[EventCountry "HUN"]
[SourceTitle "playchess.com"]
[Source "ChessBase"]
[SourceQuality "1"]
[TimeControl "1200+5"]

1. d4 {[%emt 0:00:02]} Nf6 {[%emt 0:00:01]} 2. Nf3 {[%emt 0:00:02]} e6 {[%emt 0:00:03]} 3. e3 {[%emt 0:00:03]} c5 {[%emt 0:00:22]} 4. c4 {[%emt 0:00:12]} cxd4 {[%emt 0:00:09]} 5. exd4 {[%emt 0:00:02]} d5 {[%emt 0:00:20]} 6. Nc3 {[%emt 0:00:03]} Bb4 {[%emt 0:00:51]} 7. cxd5 {[%emt 0:01:04]} Nxd5 {[%emt 0:00:21]} 8. Bd2 {[%emt 0:00:10]} Nc6 {[%emt 0:00:22]} 9. Bd3 {[%emt 0:00:39]} Nf6 {[%emt 0:00:52]} 10. a3 {[%emt 0:01:07]} Be7 {[%emt 0:02:01]} 11. Be3 {[%emt 0:01:57]} O-O {[%emt 0:00:10]} 12. O-O {[%emt 0:00:03]} b6 {[%emt 0:00:02]} 13. Qe2 {[%emt 0:02:47]} Bb7 {[%emt 0:00:06]} 14. Rad1 {[%emt 0:00:05]} Rc8 {[%emt 0:00:46]} 15. Ne5 {[%emt 0:03:58]} Na5 {[%emt 0:03:43]} 16. Ba6 {[%emt 0:03:52]} Nd5 {[%emt 0:02:22]} 17. Nxd5 {[%emt 0:01:25]} Qxd5 {[%emt 0:00:01]} 18. Bxb7 {[%emt 0:00:09]} Qxb7 {[%emt 0:00:30]} 19. b4 {[%emt 0:00:06]} Nc6 {[%emt 0:00:11]} 20. Qf3 {[%emt 0:00:21]} Qc7 {[%emt 0:01:55]} 21. Nxc6 {[%emt 0:00:55]} Qxc6 {[%emt 0:00:01]} 22. d5 {[%emt 0:00:12]} exd5 {[%emt 0:00:02]} 23. Qxd5 {[%emt 0:00:05]} Qxd5 {[%emt 0:01:03]} 24. Rxd5 {[%emt 0:00:01]} Rfd8 {[%emt 0:00:09]} 25. Rfd1 1/2-1/2

[Event "HUN-ch Rapid 2019"]
[Site "Ajka"]
[Date "2019.07.21"]
[Round "10.8"]
[White "Bohus, Adam"]
[Black "Aczel, Gergely"]
[Result "0-1"]
[WhiteElo "2219"]
[BlackElo "2540"]
[Annotator "ChessBase"]
[PlyCount "100"]
[EventDate "2019.07.18"]
[EventType "swiss"]
[EventCountry "HUN"]
[SourceTitle "playchess.com"]
[Source "ChessBase"]
[SourceQuality "1"]
[TimeControl "1200+5"]

1. d4 {[%emt 0:00:02]} Nf6 {[%emt 0:00:02]} 2. c4 {[%emt 0:00:01]} e6 {[%emt 0:00:01]} 3. Nf3 {[%emt 0:00:03]} Bb4+ {[%emt 0:00:03]} 4. Nbd2 {[%emt 0:00:02]} d6 {[%emt 0:00:03]} 5. a3 {[%emt 0:00:19]} Bxd2+ {[%emt 0:00:12]} 6. Qxd2 {[%emt 0:00:19]} Nbd7 {[%emt 0:00:01]} 7. e3 {[%emt 0:00:05]} O-O {[%emt 0:00:08]} 8. b4 {[%emt 0:00:22]} a5 {[%emt 0:00:27]} 9. Bb2 {[%emt 0:00:54]} axb4 {[%emt 0:00:21]} 10. axb4 {[%emt 0:00:01]} Rxa1+ {[%emt 0:00:03]} 11. Bxa1 {[%emt 0:00:02]} b5 {[%emt 0:00:14]} 12. c5 {[%emt 0:04:17]} Bb7 {[%emt 0:02:01]} 13. Bxb5 {[%emt 0:02:49]} Qa8 {[%emt 0:00:01]} 14. Ke2 {[%emt 0:06:14]} Rb8 {[%emt 0:00:02]} 15. Bd3 {[%emt 0:01:14]} Ba6 {[%emt 0:03:14]} 16. Rb1 {[%emt 0:01:57]} Ne4 {[%emt 0:00:16]} 17. Qc2 {[%emt 0:00:12]} Bxd3+ {[%emt 0:00:04]} 18. Qxd3 {[%emt 0:01:48]} Qa2+ {[%emt 0:00:44]} 19. Bb2 {[%emt 0:00:01]} d5 {[%emt 0:08:07]} 20. Nd2 {[%emt 0:00:09]} Rxb4 {[%emt 0:00:19]} 21. Nxe4 {[%emt 0:00:02]} dxe4 {[%emt 0:00:08]} 22. Qc2 {[%emt 0:00:32]} h6 {[%emt 0:00:17]} 23. Kd1 {[%emt 0:00:11]} Nf6 {[%emt 0:00:09]} 24. Kc1 {[%emt 0:00:12]} Nd5 {[%emt 0:00:49]} 25. Ra1 {[%emt 0:00:00]} Qc4 {[%emt 0:00:34]} 26. Qxc4 {[%emt 0:00:06]} Rxc4+ {[%emt 0:00:01]} 27. Kd2 f5 {[%emt 0:00:20]} 28. Ra8+ {[%emt 0:00:16]} Kf7 {[%emt 0:00:01]} 29. Rd8 {[%emt 0:00:03]} g5 {[%emt 0:00:06]} 30. Rd7+ {[%emt 0:00:03]} Kf6 {[%emt 0:00:04]} 31. Rh7 {[%emt 0:00:08]} Kg6 {[%emt 0:00:01]} 32. Rh8 {[%emt 0:00:02]} f4 {[%emt 0:00:11]} 33. Re8 {[%emt 0:00:03]} Kf7 {[%emt 0:00:03]} 34. Rh8 {[%emt 0:00:01]} Rb4 {[%emt 0:00:20]} 35. Kc2 {[%emt 0:00:07]} fxe3 {[%emt 0:00:11]} 36. fxe3 {[%emt 0:00:01]} Nxe3+ {[%emt 0:00:02]} 37. Kc3 {[%emt 0:00:07]} Nd5+ {[%emt 0:00:13]} 38. Kc2 {[%emt 0:00:01]} e3 {[%emt 0:00:08]} 39. Bc1 {[%emt 0:00:20]} Rc4+ {[%emt 0:00:12]} 40. Kd1 e2+ {[%emt 0:00:16]} 41. Kxe2 {[%emt 0:00:02]} Rxc1 {[%emt 0:00:02]} 42. Rxh6 {[%emt 0:00:02]} Rc2+ {[%emt 0:00:09]} 43. Kf3 {[%emt 0:00:01]} Rd2 {[%emt 0:00:05]} 44. h4 {[%emt 0:00:11]} Rd3+ {[%emt 0:00:36]} 45. Kf2 {[%emt 0:00:11]} g4 {[%emt 0:00:06]} 46. Rh7+ {[%emt 0:00:08]} Kg6 {[%emt 0:00:06]} 47. Rh8 {[%emt 0:00:07]} g3+ {[%emt 0:00:15]} 48. Ke2 {[%emt 0:00:04]} Nf4+ {[%emt 0:00:02]} 49. Ke1 {[%emt 0:00:04]} Nxg2+ {[%emt 0:00:05]} 50. Kf1 {[%emt 0:00:01]} Nf4 {[%emt 0:00:04]} 0-1

[Event "HUN-ch Rapid 2019"]
[Site "Ajka"]
[Date "2019.07.21"]
[Round "10.9"]
[White "Medvegy, Zoltan"]
[Black "Videki, Sandor"]
[Result "1-0"]
[WhiteElo "2539"]
[BlackElo "2401"]
[Annotator "ChessBase"]
[PlyCount "97"]
[EventDate "2019.07.18"]
[EventType "swiss"]
[EventCountry "HUN"]
[SourceTitle "playchess.com"]
[Source "ChessBase"]
[SourceQuality "1"]
[TimeControl "1200+5"]

1. e4 c5 2. Nf3 Nc6 3. d4 cxd4 4. Nxd4 Nf6 5. Nc3 d6 6. Bg5 e6 7. Qd2 a6 8. O-O-O Bd7 9. f4 b5 10. Bxf6 gxf6 11. Kb1 Qb6 12. Nxc6 Bxc6 13. Bd3 b4 14. Ne2 h5 15. Qe1 h4 16. f5 e5 17. Bc4 Rc8 18. Nc1 a5 19. Bd5 Ba4 20. Bb3 Bb5 21. Nd3 Ke7 22. Rf1 h3 23. g4 Bh6 24. Rf3 Bg5 25. Qf1 Bc6 26. Rxh3 Bxe4 27. Nf2 Bc6 28. Rxh8 Rxh8 29. Qd3 d5 30. Ne4 Bf4 31. Bxd5 Rd8 32. c4 bxc3 33. Nxc3 Kf8 34. Qc4 Rb8 35. b3 Be8 36. Ne4 Be3 37. h4 a4 38. g5 axb3 39. axb3 Qa5 40. Nxf6 Bd4 41. Nxe8 Rxe8 42. Kc2 Rb8 43. Kd3 Qa3 44. f6 Qb2 45. Qc2 Qa3 46. Rc1 Qa6+ 47. Qc4 Rxb3+ 48. Ke4 Qxc4 49. Rxc4 1-0

[Event "HUN-ch Rapid 2019"]
[Site "Ajka"]
[Date "2019.07.21"]
[Round "10.10"]
[White "Horvath, Tamas"]
[Black "Banusz, Tamas"]
[Result "0-1"]
[WhiteElo "2306"]
[BlackElo "2626"]
[Annotator "ChessBase"]
[PlyCount "148"]
[EventDate "2019.07.18"]
[EventType "swiss"]
[EventCountry "HUN"]
[SourceTitle "playchess.com"]
[Source "ChessBase"]
[SourceQuality "1"]
[TimeControl "1200+5"]

1. e4 {[%emt 0:00:04]} d5 {[%emt 0:00:03]} 2. exd5 {[%emt 0:00:07]} Qxd5 {[%emt 0:00:01]} 3. d4 {[%emt 0:00:18]} e5 {[%emt 0:00:47]} 4. c3 {[%emt 0:00:07]} exd4 {[%emt 0:00:19]} 5. cxd4 {[%emt 0:00:03]} Nf6 {[%emt 0:00:28]} 6. Nf3 {[%emt 0:00:05]} Be7 {[%emt 0:01:10]} 7. Nc3 {[%emt 0:00:18]} Qd8 {[%emt 0:00:02]} 8. h3 {[%emt 0:00:41]} O-O {[%emt 0:00:09]} 9. Bc4 {[%emt 0:00:30]} Nbd7 {[%emt 0:00:51]} 10. O-O {[%emt 0:00:09]} Nb6 {[%emt 0:00:02]} 11. Bb3 {[%emt 0:00:27]} c6 {[%emt 0:00:05]} 12. Re1 {[%emt 0:01:00]} Nbd5 {[%emt 0:00:43]} 13. Ne5 {[%emt 0:00:27]} Be6 {[%emt 0:00:33]} 14. Qf3 {[%emt 0:00:56]} Nc7 {[%emt 0:01:02]} 15. Bxe6 {[%emt 0:03:00]} Nxe6 {[%emt 0:00:06]} 16. Be3 {[%emt 0:00:02]} Qa5 {[%emt 0:01:19]} 17. Rad1 {[%emt 0:00:34]} Rad8 {[%emt 0:00:09]} 18. Nd3 {[%emt 0:02:12]} Rfe8 {[%emt 0:00:40]} 19. Nf4 {[%emt 0:00:28]} Ng5 {[%emt 0:01:15]} 20. Qe2 {[%emt 0:00:30]} Bd6 {[%emt 0:00:55]} 21. Qc2 {[%emt 0:00:30]} Nge4 {[%emt 0:01:29]} 22. Qb3 {[%emt 0:02:06]} Qf5 {[%emt 0:00:43]} 23. Nd3 {[%emt 0:00:32]} b5 {[%emt 0:01:12]} 24. Ne5 {[%emt 0:01:30]} Bxe5 {[%emt 0:00:51]} 25. dxe5 {[%emt 0:00:03]} Rxd1 {[%emt 0:00:57]} 26. Rxd1 {[%emt 0:01:04]} Qxe5 {[%emt 0:00:03]} 27. Bxa7 {[%emt 0:00:44]} Nxc3 {[%emt 0:00:04]} 28. bxc3 {[%emt 0:00:04]} Qe4 {[%emt 0:00:56]} 29. f3 {[%emt 0:02:04]} Qf4 {[%emt 0:00:42]} 30. Bf2 {[%emt 0:00:09]} Nd5 {[%emt 0:00:33]} 31. Qc2 {[%emt 0:00:04]} Qc4 {[%emt 0:00:24]} 32. Rc1 {[%emt 0:00:54]} g6 {[%emt 0:00:21]} 33. Qb3 {[%emt 0:00:16]} Qf4 {[%emt 0:00:19]} 34. Rd1 {[%emt 0:00:17]} Re2 {[%emt 0:00:50]} 35. Re1 {[%emt 0:00:29]} Rxe1+ {[%emt 0:00:18]} 36. Bxe1 {[%emt 0:00:00]} Qe3+ {[%emt 0:00:27]} 37. Bf2 {[%emt 0:00:09]} Qc1+ {[%emt 0:00:20]} 38. Kh2 {[%emt 0:00:02]} Qxc3 {[%emt 0:00:02]} 39. Qd1 {[%emt 0:00:03]} Qc4 {[%emt 0:00:46]} 40. a3 {[%emt 0:00:05]} f6 {[%emt 0:00:06]} 41. Qe1 {[%emt 0:00:01]} Kf7 {[%emt 0:00:01]} 42. Qa5 {[%emt 0:00:02]} g5 {[%emt 0:00:30]} 43. Qd8 {[%emt 0:00:05]} Qf4+ {[%emt 0:00:17]} 44. Bg3 {[%emt 0:00:01]} Qf5 {[%emt 0:00:01]} 45. Qa8 {[%emt 0:00:07]} Qe6 {[%emt 0:00:11]} 46. Qh8 {[%emt 0:00:02]} Kg6 {[%emt 0:00:01]} 47. Qb8 {[%emt 0:00:03]} h5 {[%emt 0:00:04]} 48. h4 {[%emt 0:00:04]} gxh4 {[%emt 0:00:12]} 49. Bxh4 {[%emt 0:00:01]} Qe5+ {[%emt 0:00:11]} 50. Qxe5 {[%emt 0:00:04]} fxe5 {[%emt 0:00:00]} 51. Kg3 {[%emt 0:00:02]} Kf5 {[%emt 0:00:02]} 52. Kf2 {[%emt 0:00:01]} e4 {[%emt 0:00:06]} 53. fxe4+ Kxe4 {[%emt 0:00:01]} 54. Bg5 {[%emt 0:00:12]} c5 {[%emt 0:00:02]} 55. Kg3 {[%emt 0:00:04]} Ne3 {[%emt 0:00:14]} 56. Kf2 {[%emt 0:00:13]} Nf5 {[%emt 0:00:04]} 57. Ke2 {[%emt 0:00:02]} c4 {[%emt 0:00:01]} 58. Kd2 {[%emt 0:00:02]} Nd4 {[%emt 0:00:15]} 59. Kc3 {[%emt 0:00:05]} Nc6 {[%emt 0:00:03]} 60. Bf6 {[%emt 0:00:04]} Kd5 {[%emt 0:00:05]} 61. g3 {[%emt 0:00:03]} Kc5 {[%emt 0:00:09]} 62. Bg7 {[%emt 0:00:02]} Kd5 {[%emt 0:00:10]} 63. Bf8 {[%emt 0:00:05]} Ke4 {[%emt 0:00:04]} 64. a4 {[%emt 0:00:02]} bxa4 {[%emt 0:00:00]} 65. Kxc4 {[%emt 0:00:01]} Kf3 {[%emt 0:00:05]} 66. Bd6 {[%emt 0:00:02]} Kg4 {[%emt 0:00:26]} 67. Kb5 {[%emt 0:00:01]} Nd4+ {[%emt 0:00:05]} 68. Kxa4 Nf5 69. Be5 {[%emt 0:00:03]} Nxg3 {[%emt 0:00:02]} 70. Bf6 {[%emt 0:00:01]} Ne4 {[%emt 0:00:00]} 71. Be5 {[%emt 0:00:03]} h4 {[%emt 0:00:01]} 72. Kb4 {[%emt 0:00:01]} Ng3 {[%emt 0:00:01]} 73. Bd4 {[%emt 0:00:03]} h3 {[%emt 0:00:04]} 74. Bg1 {[%emt 0:00:01]} Kf3 {[%emt 0:00:05]} 0-1